Nation form: Essays on Indian nationalism (Record no. 395032)

MARC details
000 -LEADER
fixed length control field 00546 a2200205 4500
005 - DATE & TIME
control field 20260212113951.0
008 - FIXED-LENGTH DATA ELEMENTS--GENERAL INFORMATION
fixed length control field 260211b |||||||| |||| 00| 0 eng d
020 ## - ISBN
International Standard Book Number 9788126940776
Price Rs. 1295.00
040 ## - CATALOGING SOURCE
Original cataloging agency VIVEKANANDA LIBRARY
082 ## - DDC NUMBER
Classification number 320.540594
Book Number S41N
100 ## - MAIN ENTRY--PERSONAL NAME
Personal name Ranabir, Samaddar
110 ## - MAIN ENTRY--CORPORATE NAME
Corporate name Samaddar, Ranabir
245 ## - TITLE STATEMENT
Title Nation form: Essays on Indian nationalism
260 ## - PUBLICATION, DISTRIBUTION, ETC. (IMPRINT)
Name of publisher, distributor, etc Atlantic
Date of publication, distribution, etc 2024
Place of publication, distribution, etc New Delhi
300 ## - PHYSICAL DESCRIPTION
Pages xxiii, 259
650 ## - Subject
Subject Political Science
650 ## - Subject
Subject Nationalism
650 ## - Subject
Subject India Nationalism
942 ## - ADDED ENTRY ELEMENTS (KOHA)
Koha item type Books
Holdings
Withdrawn status Lost status Source of classification or shelving scheme Damaged status Not for loan Location (home branch) Sublocation or collection (holding branch) Shelving location Date acquired Koha issues (times borrowed) Koha full call number Accession No. Koha date last seen Koha item type
    Dewey Decimal Classification     VIVEKANANDA LIBRARY VIVEKANANDA LIBRARY Vivekananda Library 22/01/2026   320.540594 S41N 444407 22/01/2026 Books
© Designed and Maintained by Vivekananda Library, MDU Rohtak